Every Character In Percy Jackson And The Olympians By Letter-H - Statistics

General Stats
  • This quiz has been taken 12 times
  • The average score is 7 of 19
Answer Stats
Times Mentioned Answer % Correct
41 Hera
100%
43 Hestia
82%
231 Hades
73%
97 Hephaestus
73%
218 Hermes
55%
11 Hecate
45%
1 Heracles
45%
23 Hercules
45%
2 Helios
27%
26 Hydra
27%
23 Hyperion
27%
4 Hank
18%
1 Helen
18%
3 Hylla
18%
2 Hebe
9%
12 Hudson
9%
1 Hariett Tubman
0%
1 Hasenfeffer
0%
2 Houdini
0%
No matching quizzes found
Score Distribution
Percent of People with Each Score
Percentile by Number Answered
Your Score History
You have not taken this quiz